<?xml version="1.0" encoding="UTF-8"?>
<record
    xmlns:xsi="http://www.w3.org/2001/XMLSchema-instance"
    xsi:schemaLocation="http://www.loc.gov/MARC21/slim http://www.loc.gov/standards/marcxml/schema/MARC21slim.xsd"
    xmlns="http://www.loc.gov/MARC21/slim">

  <leader>00415nam a22001217a 4500</leader>
  <datafield tag="040" ind1=" " ind2=" ">
    <subfield code="c">RUA</subfield>
  </datafield>
  <datafield tag="082" ind1=" " ind2=" ">
    <subfield code="a">DVM DAV 2025 B707 Or.1</subfield>
  </datafield>
  <datafield tag="100" ind1=" " ind2=" ">
    <subfield code="a">DAVY SOKBORMEY, &#x178A;&#x17B6;&#x179C;&#x17B8; &#x179F;&#x17BB;&#x1781;&#x200B;&#x200B;&#x200B;&#x200B;&#x200B;&#x1794;&#x179A;&#x1798;&#x17B8;</subfield>
  </datafield>
  <datafield tag="245" ind1=" " ind2=" ">
    <subfield code="a">Case of tick fever disease in canine at animal clinic in sangkat boeng tumpun, khan mean chey , phnom penh</subfield>
  </datafield>
  <datafield tag="260" ind1=" " ind2=" ">
    <subfield code="a">PHNOM PENH</subfield>
    <subfield code="b">RUA</subfield>
    <subfield code="c">2025</subfield>
  </datafield>
  <datafield tag="300" ind1=" " ind2=" ">
    <subfield code="a">xii,56p.</subfield>
    <subfield code="b">ill.</subfield>
    <subfield code="c">29cm.</subfield>
  </datafield>
  <datafield tag="942" ind1=" " ind2=" ">
    <subfield code="c">NRM</subfield>
  </datafield>
  <datafield tag="999" ind1=" " ind2=" ">
    <subfield code="c">25696</subfield>
    <subfield code="d">25696</subfield>
  </datafield>
  <datafield tag="952" ind1=" " ind2=" ">
    <subfield code="0">0</subfield>
    <subfield code="1">0</subfield>
    <subfield code="4">0</subfield>
    <subfield code="6">DVM_DAV_2025_000000000000000_B707_OR_1</subfield>
    <subfield code="7">0</subfield>
    <subfield code="9">106226</subfield>
    <subfield code="a">LBB</subfield>
    <subfield code="b">LBB</subfield>
    <subfield code="c">B707</subfield>
    <subfield code="d">2026-04-20</subfield>
    <subfield code="o">DVM DAV 2025 B707 Or.1</subfield>
    <subfield code="p">B7121056</subfield>
    <subfield code="r">2026-04-20</subfield>
    <subfield code="y">NRM</subfield>
  </datafield>
  <datafield tag="952" ind1=" " ind2=" ">
    <subfield code="0">0</subfield>
    <subfield code="1">0</subfield>
    <subfield code="4">0</subfield>
    <subfield code="6">DVM_DAV_2025_000000000000000_B707_OR_2</subfield>
    <subfield code="7">0</subfield>
    <subfield code="9">106227</subfield>
    <subfield code="a">LBB</subfield>
    <subfield code="b">LBB</subfield>
    <subfield code="c">B707</subfield>
    <subfield code="d">2026-04-20</subfield>
    <subfield code="o">DVM DAV 2025 B707 Or.2</subfield>
    <subfield code="p">B7121058</subfield>
    <subfield code="r">2026-04-20</subfield>
    <subfield code="y">NRM</subfield>
  </datafield>
</record>
